00420 2200169 4500245004700000020002200047250001100069100002000080700001600100650002400116005001900140260002800159041001400187084001100201300002900212336000900241 aManajemen PemasarancRusydi AbubakarhText a978-602-289-405-6 aCet. 1 aRusydi Abubakar aSayed Mahdi aManajemen Pemasaran a20230414134330 aBandungbALFABETAc2022 aIndonesia a658.81 aviii, 136 hlm. :c24 cm. atext